000 00752nam a2200241 a 4500
008
020 _a0750619643 (pbk.)
049 _aMAIN
090 0 _aREF TA151
_bCIV
245 0 0 _aCivil engineer's reference book /
_cedited by L.S. Blake ; with specialist contributors.
250 _a4th ed.
260 _aLondon :
_bButterworths,
_c1989.
300 _a1 v. (various pagings) :
_bill. ;
_c25 cm.
504 _aIncludes bibliographical references.
500 _aIncludes index.
650 0 _aCivil engineering
_xHandbooks, manuals, etc.
700 1 _aBlake, L.S.
907 _a.b10121638
_b17-09-12
_c11-05-04
003
005 20230120191425.0
040 _cNUST
942 _cBOOKS
_kREF TA151
_mCIV
999 _c100889
_d100889